A Study on Factors that have Impacts on the Development of Speaking skill for 10th form Students of English Phan Chau Trinh and Phan Thanh Tai High School / Speaking skill

Enregistré dans:
Détails bibliographiques
Auteur principal: Võ Thị Thu Kim
Format: Inconnue
Langue:English
Publié: 2004.
Sujets:
Tags: Ajouter un tag
Pas de tags, Soyez le premier à ajouter un tag!
Thư viện lưu trữ: Mạng thư viện Đại học Đà Nẵng
LEADER 01333na a2200325 4500
001 000031128
003 5518
005 20230311093559.0
040 |a LNN 
041 |a eng 
082 |a 420.8  |b VO-K  |2 Speaking skill 
100 |a Võ Thị Thu Kim 
245 2 |a A Study on Factors that have Impacts on the Development of Speaking skill for 10th form Students of English Phan Chau Trinh and Phan Thanh Tai High School /  |c Võ Thị Thu Kim  |n Speaking skill 
260 |c 2004. 
300 |a 47tr. : mh ; 30cm. 
650 |a A Study on Factors that have Impacts on the Development of Speaking skill for 10th form Students of English Phan Chau Trinh and Phan Thanh Tai High School, Speaking, 2004, 47TR, Võ Thị Thu Kim 
852 |b P.Doc  |c Luận văn sinh viên 
OWN |a LNN 
AVA |a UDN50  |b LNN  |c English  |d 420.8 VO-K  |e available  |t Error 5001 Not defined in file expand_doc_bib_avail.  |f 2  |g 0  |h N  |i 0  |j AN  |k 1 
999 |a From the UDN01 
AVA |a UDN50  |b LNN  |c English  |d 420.8 VO-K  |e available  |t Error 5001 Not defined in file expand_doc_bib_avail.  |f 2  |g 0  |h N  |i 0  |j AN  |k 1 
TYP |a Printed language 
TYP |a GV 
980 |a Mạng thư viện Đại học Đà Nẵng